000 00737nam a2200301 a 4500
003 AR-BaBNM
005 20251128205551.0
008 082120s2002 ||||||||||||||000 | spa||
040 _cAR-BaBNM
100 1 _aHamon, Agustín
245 0 0 _aBernard Shaw
_bel Moliére del siglo XX
260 _aBuenos Aires
_bEl Quijote
_c1946
300 _a206 p.
490 0 _aArquetipos
650 4 _aCRITICA LITERARIA
650 4 _aLITERATURA INGLESA
650 4 _aESCRITORES
650 4 _aTEATRO
650 4 _aCULTURA
650 4 _aREALISMO
650 4 _aLITERATURA EXTRANJERA
650 4 _aARTES ESCENICAS
650 4 _aBIOGRAFIAS
655 _aLITERATURA
700 1 _aPrat, J.
_etraductor
942 _cBK
998 _cMARTIN
999 _c11925
_d11925